Valor presente en la contabilidad financiera /
Contenido: 1. Técnica del valor presente. 2. Necesidad de la utilización del valor presente en la valuación de algunos rubros de los estados financieros. 3. Ejemplos de la utilización del valor presente.
Guardat en:
| Autor principal: | |
|---|---|
| Format: | Llibre |
| Idioma: | espanyol |
| Publicat: |
México :
Instituto Mexicano de Contadores Públicos,
1991, c1991
|
| Matèries: | |
| Etiquetes: |
Sense etiquetes, Sigues el primer a etiquetar aquest registre!
|
MARC
| LEADER | 00000nam^a2200000^a^4500 | ||
|---|---|---|---|
| 001 | 000116604 | ||
| 005 | 20250521000000.0 | ||
| 009 | 20260526122837.095 | ||
| 020 | |a 968-6037-62-4 | ||
| 037 | |a Acervo ITESO - Biblioteca | ||
| 041 | |a ESP | ||
| 082 | |a 657. 48 |b ENR | ||
| 100 | |a Enríquez de Rivera, Sylvia Meljem |e (autor) | ||
| 245 | 1 | 0 | |a Valor presente en la contabilidad financiera / |c S.M. Enríquez de Rivera. |
| 264 | 4 | |a México : |b Instituto Mexicano de Contadores Públicos, |c 1991, c1991 | |
| 300 | |a 101 p. | ||
| 336 | |a texto |b txt |2 rdacontenido | ||
| 337 | |a sin mediación |b n |2 rdamedio | ||
| 338 | |a volumen |b nc |2 rdasoporte | ||
| 520 | |a Contenido: 1. Técnica del valor presente. 2. Necesidad de la utilización del valor presente en la valuación de algunos rubros de los estados financieros. 3. Ejemplos de la utilización del valor presente. | ||
| 649 | |a XX | ||
| 650 | |a Valor (Economía) | ||
| 650 | |a Estados Financieros | ||
| 650 | |a Finanzas | ||
| 650 | |a Contabilidad Financiera | ||
| 650 | |a Contabilidad | ||
| 650 | |a Ciencias Administrativas | ||
| 910 | |a Fondo General | ||
| 920 | |a Impresos - Libros | ||
| 930 | |a Colección General | ||
| 905 | |a 101 | ||
| 901 | |a 0500050165 |b IT1 |c ACC |u 20250521 | ||
| 902 | |a https://opac.biblio.iteso.mx/vufind/Record/000116604 | ||